| 000 | 00832nam a22002657a 4500 | ||
|---|---|---|---|
| 003 | CHAP | ||
| 005 | 20220329133635.0 | ||
| 008 | 971013s1870 r 00010 d | ||
| 010 | _a8908 | ||
| 011 | _a9880 | ||
| 035 | _a9116 | ||
| 040 | _cCHAP | ||
| 082 |
_a636.1 _bM3 |
||
| 245 | _aManuel de l'éleveur de poulains dans le perche et particuliesement dans le departement d'eure-et-loir | ||
| 260 |
_aCharties : _bPetrot-Garnier Libraire, _c1870 |
||
| 300 | _a88 p. | ||
| 590 |
_aBATCH-UPD _b10 _c20130110 _lUCH01 _h1937 |
||
| 590 |
_aBATCH-UPD _b10 _c20130410 _lUCH01 _h1301 |
||
| 590 |
_aBATCH-UPD _b10 _c20130914 _lUCH01 _h1506 |
||
| 590 |
_aCONVERSION _b10 _c20130109 _lUCH01 _h1306 |
||
| 650 | 1 | 4 |
_aGanado caballar _xCría de. _944971 |
| 901 | _aBK | ||
| 942 | _cLIBRO | ||
| 949 |
_a636.1 M3 _bBC _cBPP _d-19660 _eBPP _h77880 _i9116 _mD _si |
||
| 999 |
_c8908 _d8908 |
||